Todos los títulos de Marcelo Gallardo como DT de River Plate - Estadísticas

Estadísticas generales
  • Esta prueba ha sido intentada 27 veces
  • La puntuación promedio es 7 de 8
Estadísticas de respuestas
Campeonato Título Cantidad % Correcto
Internacional Copa Libertadores 2
100%
Nacional Primera División 1
100%
Internacional Recopa Sudamericana 3
100%
Nacional Copa Argentina 3
96%
Internacional Copa Sudamericana 1
96%
Internacional Copa Suruga Bank 1
81%
Nacional Supercopa Argentina 2
77%
Nacional Trofeo de Campeones 1
54%
No se encontraron pruebas coincidentes
Distribución de puntuación
Porcentaje de gente con cada puntuación
Porcentaje por número respondido
Historial de tus puntuaciones
No has intentado esta prueba.